header

The Tobacco atlas (Record no. 25003)

MARC details
000 -LEADER
fixed length control field 01158nam a2200301Ia 4500
100 1# - MAIN ENTRY--AUTHOR NAME
Personal name Mackay, Judith.
245 14 - TITLE STATEMENT
Title The Tobacco atlas
260 ## - PUBLICATION, DISTRIBUTION, ETC. (IMPRINT)
Place of publication Geneva :
Name of publisher World Health Organization,
Year of publication 2002.
300 ## - PHYSICAL DESCRIPTION
Number of Pages xi, 66 p. :
Other physical details maps.
650 #0 - SUBJECT ADDED ENTRY--TOPICAL TERM
Topical Term Tobacco use
Topical Term Smoking
Topical Term Medical geography
700 1# - ADDED ENTRY--PERSONAL NAME
Personal name Eriksen, Michael P.
856 40 - ELECTRONIC LOCATION AND ACCESS
Uniform Resource Identifier http://site.ebrary.com/lib/rucke/Doc?id=10021038

No items available.

© 2026 Rongo University
Contact us: librarian | system librarian | Rongo university